Recent Developments In Afghanistan: (Record no. 185655)

MARC details
000 -LEADER
fixed length control field 00687nam a22002057a 4500
005 - DATE AND TIME OF LATEST TRANSACTION
control field 20250115115355.0
010 ## - LCCN (DPL NO)
LC control number ENG-131443 ENG-143420
020 ## - INTERNATIONAL STANDARD BOOK NUMBER
International Standard Book Number 9789383445608
Terms of availability 580.00
035 ## - SYSTEM CONTROL NUMBER
System control number EN-114975
035 ## - SYSTEM CONTROL NUMBER
System control number EN-126952
037 ## - SOURCE OF ACQUISITION
Source of stock number/acquisition DBAD
082 ## - DEWEY DECIMAL CLASSIFICATION NUMBER
Classification number 958.1046
245 ## - TITLE STATEMENT
Title Recent Developments In Afghanistan:
Remainder of title Icwa Reflections/
Statement of responsibility, etc Edited by Nivedita Ray, Anwesha Ghosh
260 ## - PUBLICATION, DISTRIBUTION, ETC. (IMPRINT)
Place of publication, distribution, etc New Delhi
Name of publisher, distributor, etc KW Publishers Pvt. Ltd
Date of publication, distribution, etc 2022
270 ## - ADDRESS
Address 4676/21, First Floor, Ansari Road, Daryaganj
City New Delhi
Postal code 110002
300 ## - PHYSICAL DESCRIPTION
Extent xiii, 122p.
Other physical details Index
Dimensions 25cm(hbk)
700 ## - ADDED ENTRY--PERSONAL NAME
Personal name Ray, Nivedita
9 (RLIN) 76607
700 ## - ADDED ENTRY--PERSONAL NAME
Personal name Ghosh, Anwesha
9 (RLIN) 76608
942 ## - ADDED ENTRY ELEMENTS (KOHA)
Source of classification or shelving scheme Dewey Decimal Classification
Item type English Books
Classification part 958.1046
Call number suffix REC
Holdings
Withdrawn status Lost status Not for loan Collection code Home library Current library Date acquired Source of acquisition Cost, normal purchase price Full call number Barcode Copy number Cost, replacement price Koha item type
      Non-fiction Ashok Vihar Ashok Vihar 07/02/2022 DBAD/PUB 580.00 958.1046 REC EN-114975 1 580.00 English Books
      Non-fiction Vinoba Puri Vinoba Puri 15/01/2025 Delivery of Books Act Division 580.00 958.1046 REC EN-126952 1 580.00 English Books

© Delhi Public Library
Hit Counter
free hit counter